<?xml version="1.0" encoding="UTF-8"?>
<collection xmlns="http://www.loc.gov/MARC21/slim">
 <record>
  <leader>00475nam a22001335a 4500</leader>
  <controlfield tag="001">EEA.libagro001108</controlfield>
  <controlfield tag="005">20141009133520.0</controlfield>
  <controlfield tag="008">130809s1956####xxua##########000#0#eng#d</controlfield>
  <datafield tag="082" ind1="0" ind2="4">
   <subfield code="a">581.5072</subfield>
  </datafield>
  <datafield tag="100" ind1="1" ind2=" ">
   <subfield code="a">Curtis, John T.</subfield>
   <subfield code="q">(John Thomas),</subfield>
   <subfield code="d">1913-1961.</subfield>
  </datafield>
  <datafield tag="245" ind1="1" ind2="0">
   <subfield code="a">Plant ecology workbook :</subfield>
   <subfield code="b">laboratory field and reference manual /</subfield>
   <subfield code="c">J. T. Curtis.</subfield>
  </datafield>
  <datafield tag="260" ind1=" " ind2=" ">
   <subfield code="a">Minneapolis :</subfield>
   <subfield code="b">Burguess,</subfield>
   <subfield code="c">1956.</subfield>
  </datafield>
  <datafield tag="300" ind1=" " ind2=" ">
   <subfield code="a">86 p. :</subfield>
   <subfield code="b">il. ;</subfield>
   <subfield code="c">28 cm.</subfield>
  </datafield>
  <datafield tag="859" ind1=" " ind2=" ">
   <subfield code="a">AR-BbBCA</subfield>
   <subfield code="b">BIB. AGRONOMIA</subfield>
   <subfield code="h">581.5072</subfield>
   <subfield code="i">C979</subfield>
   <subfield code="p">1958/0108</subfield>
  </datafield>
 </record>
</collection>
